A behavioral theory of the firm

Gespeichert in:
Bibliographische Detailangaben
1. Verfasser: Cyert, Richard M (VerfasserIn)
Weitere Verfasser: March, James G. (autor)
Format: Buch
Sprache:Englisch
Veröffentlicht: Malden Blackwell Publishers 1992
Ausgabe:2a. ed
Schlagworte:
Tags: Tag hinzufügen
Keine Tags, Fügen Sie den ersten Tag hinzu!

MARC

LEADER 00000cam a2200000 a 4500
001 UCF2751
003 CL-VaPUC
008 120910e19920000US |||||||||||||||||eng|d
020 |a 0631174516 
082 0 4 |a 658.403  |b CYE  |2 21 
100 0 |a Cyert, Richard M  |e author  |9 564539 
700 |a March, James G.  |e autor  |9 564540 
245 1 2 |a A behavioral theory of the firm 
250 |a 2a. ed 
300 |a 252 p 
942 |c BK 
945 |d 20120910 00:00:00  |a cmena 
260 |a Malden  |b Blackwell Publishers  |c 1992 
650 0 |a Planificación estratégica   |9 259735 
650 0 |a Toma de decisiones   |9 257530 
650 0 |a Administración de empresas   |9 260833 
650 0 |a Teoría de la administración  |9 388768 
650 0 |a Administración financiera  |9 261146 
583 |a last modification  |c 20120910 11:39:00  |k Rodrigo Vera 
999 |c 349290  |d 349288 
952 |0 0  |1 0  |4 0  |6 658_403000000000000_CYE_1992  |7 0  |8 A  |9 451863  |a BIBING  |b BIBING  |d 2019-11-22  |i 4901657  |l 3  |m 1  |o 658.403 CYE 1992  |p 4901657  |r 2025-01-20  |s 2022-12-22  |w 2019-11-22  |y BK  |k EII